| 000 | 00412nam a2200157 i 4500 | ||
|---|---|---|---|
| 001 | 101520 | ||
| 003 | ES-MaACL | ||
| 005 | 20230906182927.0 | ||
| 007 | t| | ||
| 008 | 051020s1967 sp ||||1| spa d | ||
| 100 | 1 |
_aMedina, Marisa. _979707 |
|
| 245 | 1 | 0 |
_aQuien espera / _cMarisa Medina. |
| 260 |
_aMadrid : _bEditora Nacional, _c1967. |
||
| 300 |
_a136 p. ; _c21 cm. |
||
| 852 |
_aES-MaACL _jC-32819 _bR.63102 |
||
| 999 |
_c101520 _d101520 |
||